| 000 | 02393nam a2200421 c 4500 | ||
|---|---|---|---|
| 003 | BLK | ||
| 005 | 20180420214721.0 | ||
| 008 | 180412b bul|||||r ||||||| ||bul|| | ||
| 010 | _aKNG00013626000 | ||
| 020 |
_a954-524-131-4 _bиздат.: Унив. изд. Св. св. Кирил и Методий |
||
| 040 | _aBLK | ||
| 041 |
_aBUL _cBUL |
||
| 080 |
_aАудиовизуални методи на обучение _b371.333 _x(075.8) _z371.333(075.8) |
||
| 080 |
_aВъзпитание. Образование. Просвета. Организация на свободното време. Вж и 003;021. 3;159. 9;612;613;727 _b37 _x.014.544(075.8) _z37.014.544(075.8) |
||
| 100 | 1 |
_aЧолаков, Кънчо Ненов _eпърви автор _9257176 |
|
| 700 | 1 |
_aГерджиков, Георги Рашков _eсъавт. _9257177 |
|
| 139 |
_aЧолаков, Кънчо Ненов и др. _bЧ 90 |
||
| 245 | 1 | 0 |
_aАудио-визуални и компютърни информационни технологии в обучението _bУч. помагало за студентите от Великотърновския унив. Св. св. Кирил и Методий _cКънчо Ненов Чолаков; съавт. Георги Рашков Герджиков. |
| 257 | _aBGR | ||
| 260 |
_аВ. Търново _bУнив. изд. Св. св. Кирил и Методий _c1995 |
||
| 300 |
_a224 с. _bсъс сх. _c22 см |
||
| 380 | _a3 | ||
| 500 | _a1 000 тир. - Библиогр. с. 214-221. | ||
| 504 | _a214-221 | ||
| 650 | 4 |
_aАудиовизуални материали и средства - в образованието - учебници за ВУЗ _9257178 |
|
| 650 | 4 |
_aИзчислителна техника, електронна - в образованието - учебници за ВУЗ _9257179 |
|
| 650 | 4 |
_aОбразование и просвета - използване на аудиовизуални средства и ЕИТ - учебници за ВУЗ _9257180 |
|
| 653 | _aаудиовизуални комуникации | ||
| 653 | _aинформационни технологии | ||
| 653 | _aобучение | ||
| 653 | _aобразование | ||
| 653 | _aПросвета | ||
| 852 | _aЦб 189815 | ||
| 856 | 4 |
_qpdf _u |
|
| 856 | 4 |
_qpdf _u |
|
| 942 |
_cKNG _n0 |
||
| 944 |
_aCR _c15.01.2003 _kМилена_Ачева |
||
| 944 |
_aED _c25.02.2014 _k |
||
| 999 |
_c12042 _d12042 |
||